The Dutch and Quaker colonies in America (Record no. 6612)

MARC details
000 -CABECERA
campo de control de longitud fija 00576nam a2200205 a 4500
001 - NÚMERO DE CONTROL
campo de control BRCA_6930
005 - FECHA Y HORA DE LA ÚLTIMA TRANSACCIÓN
campo de control 20190320205639.0
008 - DATOS DE LONGITUD FIJA--INFORMACIÓN GENERAL
campo de control de longitud fija 161111s1899----u--#######---#000-0#eng-#
041 ## - CÓDIGO DE LENGUA
Código de lengua del texto/banda sonora o título independiente eng
044 ## - CÓDIGO DEL PAÍS DE LA ENTIDAD EDITORA/PRODUCTORA
Código MARC del país u
050 #4 - SIGNATURA TOPOGRÁFICA DE LA BIBLIOTECA DEL CONGRESO
Número de clasificación E188
Número de documento/Ítem .F58
-- 1899
100 1# - ENTRADA PRINCIPAL--NOMBRE DE PERSONA
Nombre de persona Fiske, John
9 (RLIN) 17270
245 10 - MENCIÓN DE TÍTULO
Título The Dutch and Quaker colonies in America
Mención de responsabilidad, etc. by John Fiske.
260 ## - PUBLICACIÓN, DISTRIBUCIÓN, ETC.
Lugar de publicación, distribución, etc. Boston y Nueva York
Nombre del editor, distribuidor, etc. Houghton Mifflin Company
Fecha de publicación, distribución, etc. 1899
300 ## - DESCRIPCIÓN FÍSICA
Extensión 2 v.
Otras características físicas il., mapas
Dimensiones 21 cm.
500 ## - NOTA GENERAL
Nota general O151
651 #4 - PUNTO DE ACCESO ADICIONAL DE MATERIA--NOMBRE GEOGRÁFICO
Nombre geográfico Estados Unidos
Subdivisión general Historia
Subdivisión cronológica Periódo colonial
9 (RLIN) 17271
902 ## - CATALOGADOR
Iniciales GFM
942 ## - ELEMENTOS DE PUNTO DE ACCESO ADICIONAL (KOHA)
Fuente del sistema de clasificación o colocación Library of Congress Classification
Tipo de ítem Koha Libros
Holdings
Estado de retiro Estado de pérdida Estado dañado No para préstamo Localización permanente Ubicación/localización actual Fecha de adquisición Número de inventario Total de préstamos Signatura topográfica completa Código de barras Fecha visto por última vez Precio válido a partir de Tipo de ítem Koha
El ejemplar forma parte de la colección y puede ser consultado según las políticas vigentes.       Biblioteca del Museo Franz Mayer (Rogerio Casas-Alatriste) Biblioteca del Museo Franz Mayer (Rogerio Casas-Alatriste) 16/11/2011 O151   E188 .F58 1899 (O151) 7377 22/03/2019 22/03/2019 Libros